logo

Bir Sreshtho Munshi Abdur Rouf Library
Jhenaidah Cadet College

Communicative English Sample (Model) questions' Answers / (Record no. 5690)

MARC details
000 -LEADER
fixed length control field 00752nam a2200241 a 4500
001 - CONTROL NUMBER
JCCL Control Number 5690
003 - CONTROL NUMBER IDENTIFIER
JCCL marc code BD-JhCC
005 - DATE AND TIME OF LATEST TRANSACTION
control field 20171227164555.0
008 - FIXED-LENGTH DATA ELEMENTS--GENERAL INFORMATION
fixed length control field 171219s20032004bg |||| || | 000 0 eng d
035 ## - SYSTEM CONTROL NUMBER
system control number (BD-JhCC)5690
040 ## - CATALOGING SOURCE
Original cataloging agency BD-JhCC
Modifying agency BD-JhCC
041 ## - LANGUAGE CODE
Language code of Book eng
082 ## - DEWEY DECIMAL CLASSIFICATION NUMBER
Classification number 425
Author mark and Year ROZ 2004
100 ## - MAIN ENTRY--PERSONAL NAME
Personal name Rozario, Philip D'
245 ## - TITLE STATEMENT
Title Communicative English Sample (Model) questions' Answers /
Statement of responsibility, etc Philip D' Rozario, Mohd. Abdus Salam, Mohd. kowsher Jahan Khaled
260 ## - PUBLICATION, DISTRIBUTION, ETC. (IMPRINT)
Place of publication, distribution, etc ঢাকা :
Name of publisher, distributor, etc সর্বাধুনিক প্রকাশনী,
Date of publication, distribution, etc 2004.
300 ## - PHYSICAL DESCRIPTION
Pagination 432 p. :
Dimensions 20 cm.
650 ## - SUBJECT ADDED ENTRY--TOPICAL TERM
Topical term or geographic name as entry element English Language
700 ## - ADDED ENTRY--PERSONAL NAME
Personal name Salam, Mohd. Abdus
700 ## - ADDED ENTRY--PERSONAL NAME
Personal name Khaled, Mohd. kowsher Jahan
942 ## - ADDED ENTRY ELEMENTS (KOHA)
Source of classification or shelving scheme Dewey Decimal Classification
Koha item type Books
Holdings
Source of classification or shelving scheme Damaged status Not for loan Home library Current library Shelving location Total Checkouts Full call number Barcode Date last seen Copy number Koha item type
Dewey Decimal Classification     JCC Rouf Library JCC Rouf Library General Stacks   425 ROZ 2004 6817 12/19/2017 C - 1 Books

JCC Library | Contacts | JCC Home

Last Update on 23 September 2017
Copyright @ 2017-2020 JCC Rouf Library
Rouf Library, Jhenidah Cadet College (JCC), Bangladesh